TV Characters with Glasses Quiz Stats

 Plays Quiz Updated Jun 7, 2017

Support Sporcle.
Go Orange.
Score 0/24 Timer 07:00
2 Plays Today
% Correct
The Big Bang Theory
90.8%
New Girl
82.6%
The Office (US)
81.7%
Mad Men
75.9%
Modern Family
73.4%
Orange Is the New Black
71.8%
30 Rock
69.5%
Family Matters
62.7%
Blue Bloods
58.3%
The Good Wife
50.5%
House of Cards
47%
Designated Survivor
42%
% Correct
Once Upon a Time
39.2%
Madam Secretary
37.3%
Person of Interest
36%
Bull
35.3%
Arrow
28.9%
The Flash
26.3%
Orphan Black
23.1%
Twin Peaks
21.6%
Gotham
21%
The Americans
17.7%
How to Get Away with Murder
17.4%
Hannibal
14.6%

You're not logged in!

Compare scores with friends on all Sporcle quizzes.
OR
Log In
Forgot?

From the Vault

Most Popular Girl Names by Any 3 Letters

by 12bball

How does a baby get food when it’s hungry? Womb service.
Remove Ads.
Support Sporcle.
Get the best of Sporcle when you Go Orange. This ad-free experience offers more features, more stats, and more fun while also helping to support Sporcle. Thank you for becoming a member.

Show Comments

Extras

Top Quizzes Today


Score Distribution

Your Account Isn't Verified!

In order to create a playlist on Sporcle, you need to verify the email address you used during registration. Go to your Sporcle Settings to finish the process.

Report this User

Report this user for behavior that violates our Community Guidelines.

Details: